| 000 | 01343nam a2200337 a 4500 | ||
|---|---|---|---|
| 001 | 000113516 | ||
| 003 | CHAP | ||
| 005 | 20220329144358.0 | ||
| 008 | 170727s2016 mx a fsm |||||||spa d | ||
| 010 | _a109977 | ||
| 011 | _a110949 | ||
| 040 | _cCHAP | ||
| 090 | _aTesis | ||
| 100 | 1 |
_aMonterrosa Molina, Olga Liliana _9132878 |
|
| 245 | 1 | 0 |
_aDeterminación de la eficiencia de un desinfectante orgánico, para inhibir la carga mesófila aerobia y de Staphylococus sp. en carne de res,cerdo y pollo / _h[En línea] _cpor Olga Liliana Monterrosa Molina. |
| 260 |
_aChapingo, Méx. : _bEl autor, _c2016. |
||
| 500 | _aPara ver el contenido del material haga clic en la liga | ||
| 502 | _aTesis (Ing. Agroindustrial) -- UACH. Departamento de Ingeniería Agroindustrial | ||
| 590 |
_aBATCH-UPD _b05 _c20170727 _lUCH01 _h1453 |
||
| 590 |
_aE8697GMM _b05 _c20170727 _lUCH01 _h1247 |
||
| 590 |
_aE8697GMM _b05 _c20170727 _lUCH01 _h1427 |
||
| 590 |
_aE8697GMM _b05 _c20170727 _lUCH01 _h1452 |
||
| 590 |
_aE8697GMM _b05 _c20170727 _lUCH01 _h1454 |
||
| 650 | 1 | 4 |
_aBacterias _xIdentificación. _99320 |
| 650 | 1 | 4 |
_aExtractos de semillas efecto en bacterias. _9132879 |
| 650 | 1 | 4 |
_aTemperatura _xEfecto en alimentos. _9112179 |
| 856 |
_aFinding aid _uhttp://10.13.5.2/tesis/sist113516.pdf _zTeclea aquí |
||
| 901 | _aBK | ||
| 942 | _cTESIS | ||
| 942 | _n0 | ||
| 999 |
_c109977 _d109977 |
||